000 00360nam a2200145Ia 4500
008 150201s2003 xx 000 0 und d
082 _a610
_bQ2003H
100 _aHOSSAIN
245 _aQUICK MEDICAL DIAGNOSIS TREATMENT
250 _a3RD
260 _bC.B.S PUBLISHERS & DISTRIBUTERS
_aDELHI
_c2003
300 _a1-430
650 _aMEDICINE
942 _2ddc
_cBK
999 _c3635
_d3635